Normal view
MARC view
- تاريخ الاندلس-التاريخ الاسلامي
Entry Topical Term
001 - CONTROL NUMBER
- control field: 60775
003 - CONTROL NUMBER IDENTIFIER
- control field: JO-AjAnu
005 - DATE AND TIME OF LATEST TRANSACTION
- control field: 20230606083931.0
008 - FIXED-LENGTH DATA ELEMENTS
- fixed length control field: 230606|| aca||aabn | a|a d
040 ## - CATALOGING SOURCE
- Original cataloging agency: JO-AjAnu
- Transcribing agency: JO-AjAnu
150 ## - HEADING--TOPICAL TERM
- Topical term or geographic name entry element: تاريخ الاندلس-التاريخ الاسلامي
670 ## - SOURCE DATA FOUND
- Source citation: Work cat.: (JO-AjAnu)30995: الكلاس، فايزة محمد, author 60774, تاريخ الاندلس منذ الفتح وحتى سقوط غرناطة